00717 a2200169 4500003000500000005001700005040000900022082001600031100003100047245012400078260004000202300001800242505022500260650001600485651001100501700003500512NUST20251124162225.0 cNust a621.382,MAL aMalik, NC Rafia (TCC-19) aRemote energy monitoring and profiling system /cNC Rafia Malik, NC Sanam Rasheed, NC Anam Ajmal and PC Sulaiman Sadiq  aRawalpindibMCS (NUST)cAugust 2011 axiii, 118 p.; aIntroduction (Page-1), Literature Review (Page-6), Design and Development (Page-14), Equipment and Circuit Modification (Page-48), Analysis (Page-65), Future Work (Page-74), Conclusion (Page-80), Bibliography (Page-82). aUG Projects aTCC-19 aSupervised by Dr. Adnan Rashdi